[Event "April 9 Late 2024"]
[Site "Chess.com"]
[Date "2024.04.09"]
[Round "5"]
[White "Principe, Gerson"]
[Black "Krzyzanowski, Marcin"]
[Result "0-1"]
[Board "55"]
[WhiteFideId "3804550"]
[BlackFideId "1132199"]
[WhiteTitle "FM"]
[BlackTitle "GM"]
[WhiteElo "2624"]
[BlackElo "2796"]
[WhiteTeam "PER"]
[BlackTeam "POL"]
[WhiteClock "0:00:10"]
[BlackClock "0:00:23"]
[Variant "Standard"]

1. d4 {[%clk 0:03:00]}  Nf6 {[%clk 0:02:58]} 2. Nf3 {[%clk 0:03:01]}  c5 {[%clk 0:02:57]} 3. e3 {[%clk 0:03:01]}  cxd4 {[%clk 0:02:54]} 4. exd4 {[%clk 0:03:01]}  d5 {[%clk 0:02:54]} 5. Be2 {[%clk 0:02:56]}  Nc6 {[%clk 0:02:52]} 6. O-O {[%clk 0:02:56]}  Bg4 {[%clk 0:02:51]} 7. c3 {[%clk 0:02:57]}  e6 {[%clk 0:02:51]} 8. Bg5 {[%clk 0:02:57]}  Bd6 {[%clk 0:02:43]} 9. Nbd2 {[%clk 0:02:57]}  h6 {[%clk 0:02:30]} 10. Bh4 {[%clk 0:02:57]}  g5 {[%clk 0:02:28]} 11. Bg3 {[%clk 0:02:57]}  Qc7 {[%clk 0:02:19]} 12. Bxd6 {[%clk 0:02:53]}  Qxd6 {[%clk 0:02:19]} 13. Re1 {[%clk 0:02:54]}  O-O-O {[%clk 0:02:18]} 14. Ne5 {[%clk 0:02:52]}  Bxe2 {[%clk 0:02:11]} 15. Qxe2 {[%clk 0:02:51]}  Rhf8 {[%clk 0:01:57]} 16. Qb5 {[%clk 0:02:44]}  Nd7 {[%clk 0:01:53]} 17. Nxd7 {[%clk 0:02:32]}  Rxd7 {[%clk 0:01:48]} 18. a4 {[%clk 0:02:27]}  h5 {[%clk 0:01:45]} 19. a5 {[%clk 0:02:27]}  a6 {[%clk 0:01:44]} 20. Qb6 {[%clk 0:02:27]}  g4 {[%clk 0:01:38]} 21. Nb3 {[%clk 0:02:27]}  Ne7 {[%clk 0:01:26]} 22. Qxd6 {[%clk 0:02:16]}  Rxd6 {[%clk 0:01:27]} 23. Nc5 {[%clk 0:02:16]}  h4 {[%clk 0:01:20]} 24. g3 {[%clk 0:02:11]}  Rh8 {[%clk 0:01:17]} 25. Ra3 {[%clk 0:02:09]}  Nc6 {[%clk 0:01:15]} 26. Re2 {[%clk 0:02:01]}  Rdd8 {[%clk 0:00:56]} 27. Ra1 {[%clk 0:01:59]}  Rh6 {[%clk 0:00:54]} 28. Nb3 {[%clk 0:01:48]}  Rdh8 {[%clk 0:00:53]} 29. Rae1 {[%clk 0:01:44]}  Ne7 {[%clk 0:00:46]} 30. Nd2 {[%clk 0:01:36]}  Nf5 {[%clk 0:00:46]} 31. Nf1 {[%clk 0:01:36]}  Nd6 {[%clk 0:00:45]} 32. Rc2 {[%clk 0:01:30]}  Ne4 {[%clk 0:00:44]} 33. c4 {[%clk 0:01:26]}  Kb8 {[%clk 0:00:43]} 34. cxd5 {[%clk 0:01:23]}  exd5 {[%clk 0:00:44]} 35. Re3 {[%clk 0:01:17]}  Ng5 {[%clk 0:00:39]} 36. b4 {[%clk 0:00:29]}  Nf3+ {[%clk 0:00:39]} 37. Kh1 {[%clk 0:00:28]}  Nxd4 {[%clk 0:00:37]} 38. Rd2 {[%clk 0:00:27]}  Nf3 {[%clk 0:00:37]} 39. Rb2 {[%clk 0:00:22]}  d4 {[%clk 0:00:36]} 40. Rd3 {[%clk 0:00:21]}  Re6 {[%clk 0:00:34]} 41. Rd1 {[%clk 0:00:20]}  f5 {[%clk 0:00:30]} 42. Kg2 {[%clk 0:00:17]}  d3 {[%clk 0:00:28]} 43. h3 {[%clk 0:00:17]}  Ne1+ {[%clk 0:00:26]} 44. Kh2 {[%clk 0:00:16]}  hxg3+ {[%clk 0:00:26]} 45. Kxg3 {[%clk 0:00:15]}  Rxh3+ {[%clk 0:00:26]} 46. Kf4 {[%clk 0:00:14]}  Rf3+ {[%clk 0:00:26]} 47. Kg5 {[%clk 0:00:14]}  Nc2 {[%clk 0:00:27]} 48. Ng3 {[%clk 0:00:13]}  Rxf2 {[%clk 0:00:26]} 49. Rxd3 {[%clk 0:00:13]}  f4 {[%clk 0:00:22]} 50. Nf5 {[%clk 0:00:12]}  g3 {[%clk 0:00:22]} 51. Rb1 {[%clk 0:00:12]}  g2 {[%clk 0:00:22]} 52. Rg1 {[%clk 0:00:11]}  Ne1 {[%clk 0:00:22]} 53. Rd8+ {[%clk 0:00:10]}  Kc7 {[%clk 0:00:23]} 54. Rd1 {[%clk 0:00:09]}  Nf3+ {[%clk 0:00:23]} 55. Kg4 {[%clk 0:00:09]}  Nxg1 {[%clk 0:00:24]} 56. Rxg1 {[%clk 0:00:10]}  f3 {[%clk 0:00:24]} 57. Nd4 {[%clk 0:00:10]}  Re4+ {[%clk 0:00:23]} 58. Kg3 {[%clk 0:00:11]}  Rf1 {[%clk 0:00:24]} 59. Nxf3 {[%clk 0:00:10]}  Rxg1 {[%clk 0:00:22]} 60. Nxg1 {[%clk 0:00:10]}  Rxb4 {[%clk 0:00:23]} 0-1

[Event "April 9 Late 2024"]
[Site "Chess.com"]
[Date "2024.04.09"]
[Round "5"]
[White "Gurevich, Dmitry"]
[Black "Fiorito, Joaquin"]
[Result "1-0"]
[Board "58"]
[WhiteFideId "2000407"]
[BlackFideId "180173"]
[WhiteTitle "GM"]
[BlackTitle "IM"]
[WhiteElo "2617"]
[BlackElo "2733"]
[WhiteTeam "USA"]
[BlackTeam "ARG"]
[WhiteClock "0:00:45"]
[BlackClock "0:00:21"]
[Variant "Standard"]

1. d4 {[%clk 0:03:00]}  Nf6 {[%clk 0:02:59]} 2. c4 {[%clk 0:02:59]}  e6 {[%clk 0:03:00]} 3. g3 {[%clk 0:02:59]}  d5 {[%clk 0:03:00]} 4. Bg2 {[%clk 0:02:59]}  Bb4+ {[%clk 0:03:00]} 5. Nd2 {[%clk 0:02:58]}  O-O {[%clk 0:02:59]} 6. Nf3 {[%clk 0:02:58]}  dxc4 {[%clk 0:02:58]} 7. Qc2 {[%clk 0:02:55]}  b5 {[%clk 0:02:56]} 8. a4 {[%clk 0:02:53]}  c6 {[%clk 0:02:46]} 9. axb5 {[%clk 0:02:52]}  cxb5 {[%clk 0:02:47]} 10. Ng5 {[%clk 0:02:51]}  h6 {[%clk 0:02:39]} 11. h4 {[%clk 0:02:48]}  g6 {[%clk 0:02:29]} 12. Bxa8 {[%clk 0:02:42]}  hxg5 {[%clk 0:02:29]} 13. hxg5 {[%clk 0:02:41]}  Ng4 {[%clk 0:02:15]} 14. Bf3 {[%clk 0:02:18]}  Qxd4 {[%clk 0:01:49]} 15. O-O {[%clk 0:02:05]}  Ne5 {[%clk 0:01:42]} 16. Ne4 {[%clk 0:01:53]}  Nxf3+ {[%clk 0:01:16]} 17. exf3 {[%clk 0:01:52]}  a5 {[%clk 0:01:11]} 18. Be3 {[%clk 0:01:42]}  Qe5 {[%clk 0:01:09]} 19. Bf4 {[%clk 0:01:32]}  Qf5 {[%clk 0:01:05]} 20. Nf6+ {[%clk 0:01:28]}  Kg7 {[%clk 0:01:04]} 21. Qxf5 {[%clk 0:01:27]}  gxf5 {[%clk 0:01:05]} 22. Bxb8 {[%clk 0:01:26]}  Bb7 {[%clk 0:01:05]} 23. Be5 {[%clk 0:01:23]}  Kg6 {[%clk 0:01:06]} 24. Kg2 {[%clk 0:01:18]}  Rd8 {[%clk 0:01:01]} 25. Rad1 {[%clk 0:01:14]}  Ra8 {[%clk 0:00:42]} 26. Rd7 {[%clk 0:01:06]}  Bc6 {[%clk 0:00:34]} 27. Rc7 {[%clk 0:01:05]}  Ra6 {[%clk 0:00:33]} 28. Rxc6 {[%clk 0:00:56]}  Rxc6 {[%clk 0:00:33]} 29. f4 {[%clk 0:00:56]}  c3 {[%clk 0:00:23]} 30. Rh1 {[%clk 0:00:48]}  Kg7 {[%clk 0:00:22]} 31. Rh7+ {[%clk 0:00:46]}  Kf8 {[%clk 0:00:21]} 32. Rh8+ {[%clk 0:00:45]}  Kg7 {[%clk 0:00:21]} 33. Rg8# {[%clk 0:00:45]} 1-0

[Event "April 9 Late 2024"]
[Site "Chess.com"]
[Date "2024.04.09"]
[Round "5"]
[White "Korchmar, Vasiliy"]
[Black "Bobadilla Viera, Jorge Samuel"]
[Result "0-1"]
[Board "59"]
[WhiteFideId "24131750"]
[BlackFideId "3906353"]
[WhiteTitle "IM"]
[BlackTitle "IM"]
[WhiteElo "2712"]
[BlackElo "2611"]
[WhiteTeam "RUS"]
[BlackTeam "VEN"]
[WhiteClock "0:00:00"]
[BlackClock "0:00:50"]
[Variant "Standard"]

1. Nf3 {[%clk 0:02:58]}  d5 {[%clk 0:02:56]} 2. g3 {[%clk 0:02:55]}  Nf6 {[%clk 0:02:56]} 3. Bg2 {[%clk 0:02:54]}  c6 {[%clk 0:02:56]} 4. O-O {[%clk 0:02:54]}  Bg4 {[%clk 0:02:57]} 5. b3 {[%clk 0:02:50]}  Nbd7 {[%clk 0:02:57]} 6. Bb2 {[%clk 0:02:50]}  e6 {[%clk 0:02:58]} 7. d3 {[%clk 0:02:48]}  Bd6 {[%clk 0:02:58]} 8. Nbd2 {[%clk 0:02:48]}  O-O {[%clk 0:02:57]} 9. e4 {[%clk 0:02:48]}  dxe4 {[%clk 0:02:56]} 10. dxe4 {[%clk 0:02:49]}  Ne5 {[%clk 0:02:56]} 11. Qe1 {[%clk 0:02:39]}  Nxf3+ {[%clk 0:02:54]} 12. Nxf3 {[%clk 0:02:39]}  Bxf3 {[%clk 0:02:39]} 13. Bxf3 {[%clk 0:02:38]}  e5 {[%clk 0:02:38]} 14. Bg2 {[%clk 0:02:30]}  Qe7 {[%clk 0:02:38]} 15. Qe2 {[%clk 0:02:24]}  Rad8 {[%clk 0:02:37]} 16. Rad1 {[%clk 0:02:21]}  Bc5 {[%clk 0:02:37]} 17. Kh1 {[%clk 0:02:17]}  Rfe8 {[%clk 0:02:27]} 18. f4 {[%clk 0:02:07]}  exf4 {[%clk 0:02:06]} 19. gxf4 {[%clk 0:02:05]}  Rxd1 {[%clk 0:02:05]} 20. Rxd1 {[%clk 0:02:05]}  h6 {[%clk 0:02:03]} 21. e5 {[%clk 0:01:56]}  Qe6 {[%clk 0:01:59]} 22. Qf3 {[%clk 0:01:29]}  Nd5 {[%clk 0:01:58]} 23. f5 {[%clk 0:01:23]}  Qe7 {[%clk 0:01:52]} 24. Re1 {[%clk 0:00:37]}  Qh4 {[%clk 0:01:51]} 25. Re4 {[%clk 0:00:37]}  Qg5 {[%clk 0:01:45]} 26. c4 {[%clk 0:00:30]}  Qd2 {[%clk 0:01:21]} 27. cxd5 {[%clk 0:00:14]}  Qxb2 {[%clk 0:01:21]} 28. d6 {[%clk 0:00:08]}  Rxe5 {[%clk 0:01:12]} 29. d7 {[%clk 0:00:08]}  Be7 {[%clk 0:01:07]} 30. Rxe5 {[%clk 0:00:06]}  Qxe5 {[%clk 0:01:07]} 31. Qd1 {[%clk 0:00:02]}  Bd8 {[%clk 0:01:06]} 32. Qd3 {[%clk 0:00:01]}  a5 {[%clk 0:01:03]} 33. Bf3 {[%clk 0:00:01]}  Kf8 {[%clk 0:00:59]} 34. Kg2 {[%clk 0:00:01]}  Ke7 {[%clk 0:01:00]} 35. Kf2 {[%clk 0:00:01]}  Bc7 {[%clk 0:00:59]} 36. Bg2 {[%clk 0:00:01]}  Qf4+ {[%clk 0:00:55]} 37. Ke2 {[%clk 0:00:01]}  Qxh2 {[%clk 0:00:52]} 38. Kf3 {[%clk 0:00:00]}  Qg3+ {[%clk 0:00:50]} 0-1

[Event "April 9 Late 2024"]
[Site "Chess.com"]
[Date "2024.04.09"]
[Round "5"]
[White "Tigran Mukhutdinov"]
[Black "Novik, Maxim"]
[Result "1/2-1/2"]
[Board "60"]
[WhiteFideId "34108570"]
[BlackFideId "4102924"]
[WhiteTitle "FM"]
[BlackTitle "GM"]
[WhiteElo "2692"]
[BlackElo "2577"]
[WhiteTeam "RUS"]
[BlackTeam "LTU"]
[WhiteClock "0:01:00"]
[BlackClock "0:00:36"]
[Variant "Standard"]

1. e4 {[%clk 0:03:00]}  c6 {[%clk 0:02:59]} 2. Nf3 {[%clk 0:03:00]}  d5 {[%clk 0:03:00]} 3. d3 {[%clk 0:03:01]}  Nd7 {[%clk 0:02:53]} 4. Nc3 {[%clk 0:02:59]}  e6 {[%clk 0:02:46]} 5. d4 {[%clk 0:02:58]}  dxe4 {[%clk 0:02:40]} 6. Nxe4 {[%clk 0:02:59]}  Ngf6 {[%clk 0:02:41]} 7. Ng3 {[%clk 0:02:58]}  Be7 {[%clk 0:02:37]} 8. Bd3 {[%clk 0:02:58]}  O-O {[%clk 0:02:36]} 9. O-O {[%clk 0:02:59]}  b6 {[%clk 0:02:36]} 10. Qe2 {[%clk 0:02:50]}  Bb7 {[%clk 0:02:36]} 11. Ba6 {[%clk 0:02:46]}  Qc8 {[%clk 0:02:35]} 12. Bxb7 {[%clk 0:02:46]}  Qxb7 {[%clk 0:02:35]} 13. Nf5 {[%clk 0:02:36]}  exf5 {[%clk 0:02:19]} 14. Qxe7 {[%clk 0:02:35]}  Rfe8 {[%clk 0:02:18]} 15. Qa3 {[%clk 0:02:30]}  c5 {[%clk 0:02:14]} 16. dxc5 {[%clk 0:02:26]}  Nxc5 {[%clk 0:02:13]} 17. Be3 {[%clk 0:02:26]}  Nfe4 {[%clk 0:02:02]} 18. Rad1 {[%clk 0:02:25]}  Rad8 {[%clk 0:02:00]} 19. b4 {[%clk 0:02:18]}  Ne6 {[%clk 0:01:55]} 20. c4 {[%clk 0:02:15]}  f4 {[%clk 0:01:45]} 21. Bc1 {[%clk 0:02:13]}  h6 {[%clk 0:01:44]} 22. Rfe1 {[%clk 0:02:06]}  f5 {[%clk 0:01:30]} 23. Qb3 {[%clk 0:02:04]}  Kh8 {[%clk 0:01:27]} 24. Bb2 {[%clk 0:01:45]}  N4g5 {[%clk 0:01:14]} 25. Nxg5 {[%clk 0:01:35]}  Nxg5 {[%clk 0:01:13]} 26. Qc2 {[%clk 0:01:20]}  Rxd1 {[%clk 0:01:04]} 27. Qxd1 {[%clk 0:01:14]}  Rxe1+ {[%clk 0:01:01]} 28. Qxe1 {[%clk 0:01:15]}  f3 {[%clk 0:01:00]} 29. h4 {[%clk 0:01:11]}  Nf7 {[%clk 0:00:42]} 30. gxf3 {[%clk 0:01:10]}  Qxf3 {[%clk 0:00:39]} 31. Qe8+ {[%clk 0:01:10]}  Kh7 {[%clk 0:00:39]} 32. Qxf7 {[%clk 0:01:02]}  Qg4+ {[%clk 0:00:38]} 33. Kf1 {[%clk 0:00:59]}  Qd1+ {[%clk 0:00:38]} 34. Kg2 {[%clk 0:00:59]}  Qg4+ {[%clk 0:00:37]} 35. Kf1 {[%clk 0:00:58]}  Qd1+ {[%clk 0:00:36]} 36. Kg2 {[%clk 0:00:59]}  Qg4+ {[%clk 0:00:36]} 37. Kf1 {[%clk 0:01:00]} 1/2-1/2

[Event "April 9 Late 2024"]
[Site "Chess.com"]
[Date "2024.04.09"]
[Round "5"]
[White "Ozates, Tuna"]
[Black "Gavrilin, Roman"]
[Result "1-0"]
[Board "61"]
[WhiteFideId "6354521"]
[BlackFideId "54104564"]
[WhiteTitle "FM"]
[WhiteElo "2562"]
[BlackElo "2689"]
[WhiteTeam "TUR"]
[BlackTeam "CAN"]
[WhiteClock "0:02:12"]
[BlackClock "0:00:02"]
[Variant "Standard"]

1. e4 {[%clk 0:03:00]}  c5 {[%clk 0:02:59]} 2. Nf3 {[%clk 0:03:00]}  d6 {[%clk 0:02:56]} 3. Bb5+ {[%clk 0:03:00]}  Bd7 {[%clk 0:02:55]} 4. Bxd7+ {[%clk 0:02:59]}  Qxd7 {[%clk 0:02:55]} 5. O-O {[%clk 0:03:00]}  Nc6 {[%clk 0:02:54]} 6. Qe2 {[%clk 0:02:59]}  Nf6 {[%clk 0:02:54]} 7. Rd1 {[%clk 0:03:00]}  e6 {[%clk 0:02:50]} 8. d4 {[%clk 0:03:00]}  cxd4 {[%clk 0:02:50]} 9. Nxd4 {[%clk 0:03:01]}  Be7 {[%clk 0:02:50]} 10. c4 {[%clk 0:03:01]}  O-O {[%clk 0:02:49]} 11. Nc3 {[%clk 0:03:01]}  Nxd4 {[%clk 0:02:33]} 12. Rxd4 {[%clk 0:02:59]}  Qc6 {[%clk 0:02:34]} 13. b3 {[%clk 0:02:58]}  a6 {[%clk 0:02:23]} 14. Ba3 {[%clk 0:02:58]}  Rfd8 {[%clk 0:01:34]} 15. Rad1 {[%clk 0:02:48]}  Bf8 {[%clk 0:01:22]} 16. e5 {[%clk 0:02:46]}  Nd7 {[%clk 0:01:09]} 17. Bxd6 {[%clk 0:02:45]}  Rdc8 {[%clk 0:00:43]} 18. Bxf8 {[%clk 0:02:40]}  Nxf8 {[%clk 0:00:36]} 19. Rd6 {[%clk 0:02:39]}  Qc5 {[%clk 0:00:29]} 20. Na4 {[%clk 0:02:39]}  Qa3 {[%clk 0:00:24]} 21. Nb6 {[%clk 0:02:39]}  Rab8 {[%clk 0:00:24]} 22. Nxc8 {[%clk 0:02:39]}  Rxc8 {[%clk 0:00:25]} 23. Rd8 {[%clk 0:02:37]}  Rc6 {[%clk 0:00:20]} 24. g3 {[%clk 0:02:35]}  h6 {[%clk 0:00:19]} 25. Qf3 {[%clk 0:02:26]}  Qe7 {[%clk 0:00:16]} 26. Rb8 {[%clk 0:02:18]}  Kh7 {[%clk 0:00:08]} 27. Rdd8 {[%clk 0:02:15]}  Ng6 {[%clk 0:00:02]} 28. Qe4 {[%clk 0:02:12]} 1-0

[Event "April 9 Late 2024"]
[Site "Chess.com"]
[Date "2024.04.09"]
[Round "5"]
[White "Mikaelyan, Arman"]
[Black "Toktomushev, Teimur"]
[Result "0-1"]
[Board "67"]
[WhiteFideId "13304852"]
[BlackFideId "14176726"]
[WhiteTitle "GM"]
[BlackTitle "FM"]
[WhiteElo "2764"]
[BlackElo "2504"]
[WhiteTeam "ARM"]
[BlackTeam "SUI"]
[WhiteClock "0:00:21"]
[BlackClock "0:00:04"]
[Variant "Standard"]

1. e4 {[%clk 0:02:58]}  c5 {[%clk 0:02:51]} 2. Na3 {[%clk 0:02:58]}  Nc6 {[%clk 0:02:47]} 3. c3 {[%clk 0:02:58]}  Nf6 {[%clk 0:02:36]} 4. d4 {[%clk 0:02:44]}  cxd4 {[%clk 0:02:25]} 5. cxd4 {[%clk 0:02:45]}  Nxe4 {[%clk 0:02:23]} 6. d5 {[%clk 0:02:37]}  Qa5+ {[%clk 0:01:42]} 7. Bd2 {[%clk 0:02:37]}  Nxd2 {[%clk 0:01:40]} 8. Qxd2 {[%clk 0:02:37]}  Qxd2+ {[%clk 0:01:14]} 9. Kxd2 {[%clk 0:02:38]}  Nb4 {[%clk 0:01:15]} 10. Bc4 {[%clk 0:02:25]}  a6 {[%clk 0:01:09]} 11. Nf3 {[%clk 0:02:18]}  b5 {[%clk 0:00:40]} 12. Bb3 {[%clk 0:02:18]}  Bb7 {[%clk 0:00:40]} 13. Rac1 {[%clk 0:02:17]}  Nxd5 {[%clk 0:00:32]} 14. Nc2 {[%clk 0:02:05]}  e6 {[%clk 0:00:31]} 15. Ne3 {[%clk 0:01:55]}  Bb4+ {[%clk 0:00:28]} 16. Ke2 {[%clk 0:01:52]}  Nf4+ {[%clk 0:00:27]} 17. Kf1 {[%clk 0:01:50]}  O-O {[%clk 0:00:19]} 18. a3 {[%clk 0:01:47]}  Be7 {[%clk 0:00:12]} 19. Rc7 {[%clk 0:01:46]}  Bc6 {[%clk 0:00:08]} 20. Nd4 {[%clk 0:01:24]}  Bd6 {[%clk 0:00:08]} 21. Rxc6 {[%clk 0:01:25]}  dxc6 {[%clk 0:00:08]} 22. g3 {[%clk 0:01:26]}  Nd5 {[%clk 0:00:06]} 23. Ke2 {[%clk 0:01:21]}  Nxe3 {[%clk 0:00:05]} 24. fxe3 {[%clk 0:01:22]}  c5 {[%clk 0:00:05]} 25. Nf3 {[%clk 0:01:23]}  c4 {[%clk 0:00:05]} 26. Bc2 {[%clk 0:01:23]}  Be7 {[%clk 0:00:03]} 27. Ne5 {[%clk 0:01:23]}  Bf6 {[%clk 0:00:04]} 28. Nd7 {[%clk 0:01:21]}  Rfd8 {[%clk 0:00:04]} 29. Nxf6+ {[%clk 0:01:21]}  gxf6 {[%clk 0:00:05]} 30. Rf1 {[%clk 0:01:22]}  Kg7 {[%clk 0:00:05]} 31. Rf4 {[%clk 0:01:22]}  f5 {[%clk 0:00:05]} 32. g4 {[%clk 0:01:22]}  fxg4 {[%clk 0:00:04]} 33. Rxg4+ {[%clk 0:01:23]}  Kf6 {[%clk 0:00:04]} 34. h4 {[%clk 0:01:22]}  Rg8 {[%clk 0:00:03]} 35. Rf4+ {[%clk 0:01:22]}  Ke7 {[%clk 0:00:03]} 36. Kf3 {[%clk 0:01:18]}  h6 {[%clk 0:00:04]} 37. b3 {[%clk 0:01:10]}  cxb3 {[%clk 0:00:03]} 38. Bxb3 {[%clk 0:01:11]}  Rac8 {[%clk 0:00:04]} 39. a4 {[%clk 0:01:08]}  Rc3 {[%clk 0:00:04]} 40. Bd1 {[%clk 0:01:08]}  Rb8 {[%clk 0:00:03]} 41. axb5 {[%clk 0:01:07]}  axb5 {[%clk 0:00:04]} 42. Rb4 {[%clk 0:01:01]}  Rc4 {[%clk 0:00:04]} 43. Rb2 {[%clk 0:00:57]}  b4 {[%clk 0:00:04]} 44. Bb3 {[%clk 0:00:57]}  Rxh4 {[%clk 0:00:04]} 45. Ra2 {[%clk 0:00:56]}  Rb7 {[%clk 0:00:03]} 46. Ra8 {[%clk 0:00:53]}  Rh5 {[%clk 0:00:03]} 47. Ke4 {[%clk 0:00:53]}  Rc5 {[%clk 0:00:03]} 48. Kd4 {[%clk 0:00:46]}  Rc3 {[%clk 0:00:03]} 49. Ba4 {[%clk 0:00:47]}  Rc1 {[%clk 0:00:02]} 50. Bb3 {[%clk 0:00:43]}  Kf6 {[%clk 0:00:02]} 51. Ra2 {[%clk 0:00:40]}  Rb1 {[%clk 0:00:02]} 52. Bc4 {[%clk 0:00:36]}  b3 {[%clk 0:00:02]} 53. Rf2+ {[%clk 0:00:35]}  Ke7 {[%clk 0:00:03]} 54. Bd3 {[%clk 0:00:33]}  Rd1 {[%clk 0:00:03]} 55. Ke4 {[%clk 0:00:32]}  Rxd3 {[%clk 0:00:03]} 56. Ke5 {[%clk 0:00:20]}  b2 {[%clk 0:00:03]} 57. e4 {[%clk 0:00:20]}  b1=Q {[%clk 0:00:03]} 58. Rxf7+ {[%clk 0:00:21]}  Kxf7 {[%clk 0:00:03]} 59. Kf4 {[%clk 0:00:20]}  Qf1+ {[%clk 0:00:03]} 60. Ke5 {[%clk 0:00:21]}  Rb5# {[%clk 0:00:04]} 0-1

[Event "April 9 Late 2024"]
[Site "Chess.com"]
[Date "2024.04.09"]
[Round "5"]
[White "Olsen, Filip Boe"]
[Black "Mizzi, Jack"]
[Result "1-0"]
[Board "70"]
[WhiteFideId "1440640"]
[BlackFideId "5602521"]
[WhiteTitle "IM"]
[BlackTitle "CM"]
[WhiteElo "2680"]
[BlackElo "2481"]
[WhiteTeam "DEN"]
[BlackTeam "MLT"]
[WhiteClock "0:00:43"]
[BlackClock "0:00:01"]
[Variant "Standard"]

1. d4 {[%clk 0:03:00]}  Nf6 {[%clk 0:02:59]} 2. c4 {[%clk 0:03:01]}  e6 {[%clk 0:03:00]} 3. Nc3 {[%clk 0:03:00]}  Bb4 {[%clk 0:02:59]} 4. e3 {[%clk 0:03:00]}  b6 {[%clk 0:02:59]} 5. Bd3 {[%clk 0:02:57]}  Bb7 {[%clk 0:02:58]} 6. Nf3 {[%clk 0:02:58]}  O-O {[%clk 0:02:57]} 7. O-O {[%clk 0:02:57]}  d5 {[%clk 0:02:53]} 8. cxd5 {[%clk 0:02:52]}  Bxc3 {[%clk 0:02:53]} 9. bxc3 {[%clk 0:02:51]}  Qxd5 {[%clk 0:02:53]} 10. Re1 {[%clk 0:02:34]}  Qh5 {[%clk 0:02:51]} 11. e4 {[%clk 0:02:30]}  Nbd7 {[%clk 0:02:50]} 12. Bf4 {[%clk 0:02:25]}  c5 {[%clk 0:02:42]} 13. d5 {[%clk 0:02:08]}  exd5 {[%clk 0:02:38]} 14. e5 {[%clk 0:02:09]}  Ne8 {[%clk 0:01:45]} 15. h3 {[%clk 0:02:04]}  f5 {[%clk 0:01:37]} 16. Bb5 {[%clk 0:01:46]}  Nb8 {[%clk 0:01:13]} 17. e6 {[%clk 0:01:42]}  a6 {[%clk 0:00:57]} 18. e7 {[%clk 0:01:38]}  Rf6 {[%clk 0:00:57]} 19. Be2 {[%clk 0:00:50]}  Qf7 {[%clk 0:00:47]} 20. Ng5 {[%clk 0:00:48]}  Qxe7 {[%clk 0:00:14]} 21. Bh5 {[%clk 0:00:48]}  Qd7 {[%clk 0:00:14]} 22. Rxe8+ {[%clk 0:00:48]}  Rf8 {[%clk 0:00:14]} 23. Rxf8+ {[%clk 0:00:46]}  Kxf8 {[%clk 0:00:14]} 24. Nxh7+ {[%clk 0:00:45]}  Kg8 {[%clk 0:00:14]} 25. Ng5 {[%clk 0:00:45]}  Nc6 {[%clk 0:00:09]} 26. Bf7+ {[%clk 0:00:45]}  Kf8 {[%clk 0:00:09]} 27. Qh5 {[%clk 0:00:45]}  Ke7 {[%clk 0:00:05]} 28. Re1+ {[%clk 0:00:43]}  Kd8 {[%clk 0:00:01]} 29. Qh8+ {[%clk 0:00:43]} 1-0

[Event "April 9 Late 2024"]
[Site "Chess.com"]
[Date "2024.04.09"]
[Round "5"]
[White "Andrews, Todd"]
[Black "Adla, Diego"]
[Result "0-1"]
[Board "71"]
[WhiteFideId "2012456"]
[BlackFideId "100072"]
[WhiteTitle "FM"]
[BlackTitle "IM"]
[WhiteElo "2478"]
[BlackElo "2674"]
[WhiteTeam "USA"]
[BlackTeam "ARG"]
[WhiteClock "0:00:00"]
[BlackClock "0:00:32"]
[Variant "Standard"]

1. d4 {[%clk 0:03:00]}  Nf6 {[%clk 0:02:54]} 2. c4 {[%clk 0:03:00]}  e6 {[%clk 0:02:54]} 3. Nf3 {[%clk 0:03:00]}  d5 {[%clk 0:02:54]} 4. Nc3 {[%clk 0:02:57]}  Bb4 {[%clk 0:02:53]} 5. g3 {[%clk 0:02:57]}  O-O {[%clk 0:02:32]} 6. Bg2 {[%clk 0:02:57]}  dxc4 {[%clk 0:02:33]} 7. O-O {[%clk 0:02:57]}  Nc6 {[%clk 0:02:27]} 8. a3 {[%clk 0:02:43]}  Be7 {[%clk 0:02:24]} 9. e4 {[%clk 0:02:41]}  a6 {[%clk 0:02:20]} 10. a4 {[%clk 0:02:11]}  Na5 {[%clk 0:02:15]} 11. Bg5 {[%clk 0:02:07]}  h6 {[%clk 0:02:08]} 12. Bxf6 {[%clk 0:02:04]}  Bxf6 {[%clk 0:02:08]} 13. e5 {[%clk 0:02:04]}  Be7 {[%clk 0:02:08]} 14. Rc1 {[%clk 0:01:45]}  Bd7 {[%clk 0:02:01]} 15. d5 {[%clk 0:01:35]}  exd5 {[%clk 0:01:55]} 16. Nxd5 {[%clk 0:01:35]}  Bc6 {[%clk 0:01:54]} 17. Ne1 {[%clk 0:01:02]}  b5 {[%clk 0:01:25]} 18. axb5 {[%clk 0:00:50]}  axb5 {[%clk 0:01:24]} 19. b3 {[%clk 0:00:45]}  Bxd5 {[%clk 0:01:16]} 20. Bxd5 {[%clk 0:00:33]}  Nxb3 {[%clk 0:01:15]} 21. Rb1 {[%clk 0:00:16]}  Ra2 {[%clk 0:01:15]} 22. Nf3 {[%clk 0:00:13]}  Bc5 {[%clk 0:01:07]} 23. Rxb3 {[%clk 0:00:10]}  cxb3 {[%clk 0:01:06]} 24. Qxb3 {[%clk 0:00:11]}  Ra3 {[%clk 0:00:55]} 25. Qd1 {[%clk 0:00:11]}  Qe7 {[%clk 0:00:52]} 26. Re1 {[%clk 0:00:08]}  Bb4 {[%clk 0:00:45]} 27. Re4 {[%clk 0:00:06]}  Bc3 {[%clk 0:00:45]} 28. e6 {[%clk 0:00:06]}  f5 {[%clk 0:00:42]} 29. Re3 {[%clk 0:00:06]}  Ra1 {[%clk 0:00:42]} 30. Qxa1 {[%clk 0:00:04]}  Bxa1 {[%clk 0:00:41]} 31. Nh4 {[%clk 0:00:04]}  Bd4 {[%clk 0:00:38]} 32. Re2 {[%clk 0:00:02]}  Rf6 {[%clk 0:00:34]} 33. Bb3 {[%clk 0:00:00]}  g5 {[%clk 0:00:32]} 0-1